00410nam a2200169Ia 4500003000400000005001700004008004100021020001800062040000700080041000800087082002100095100001300116245004100129260004000170300001700210365001300227OSt20230508112705.0210423s2013 xx 000 0 und d a9788173715129 cAL aeng a530.143 ZEEA223 aZEE (A). aQuantum field theory: in a nutshell. aNew DelhibUniversities Pressc2013 axiii,518bPB b575cINR